000 00377cam a22001217a 4500
008 180718b1963 xxu||||| |||| 00| 0 eng d
082 _aP504x73 C355
100 _aChambers, M.M.
245 _aFinancing higher education
_cby M.M. Chambers
260 _aWashington, D.C.
_bCenter for Applied Res. in Edn.
_c1963
300 _a117p.
650 _aEducation, Higher - U.S.A. - Finance
999 _c478662
_d478662